The Appearance of Impropriety : (Record no. 612620)

MARC details
000 -LEADER
fixed length control field 00490nam a2200193 a 4500
008 - FIXED-LENGTH DATA ELEMENTS--GENERAL INFORMATION
fixed length control field 260214s2002##################000#0#eng##
020 ## - INTERNATIONAL STANDARD BOOK NUMBER
ISBN 9780743242660
082 04 - DEWEY DECIMAL CLASSIFICATION NUMBER
Classification number 308.09773
Item number MOR
100 1# - MAIN ENTRY--AUTHOR NAME
Personal name Morgan, Peter,
245 10 - TITLE STATEMENT
Title The Appearance of Impropriety :
260 ## - PUBLICATION, DISTRIBUTION, ETC. (IMPRINT)
Name of publisher Free Press,
Year of publication 2002.
300 ## - PHYSICAL DESCRIPTION
Number of Pages 292 pages
650 #0 - SUBJECT ADDED ENTRY--TOPICAL TERM
Topical Term Law.
942 ## - ADDED ENTRY ELEMENTS (KOHA)
Koha item type English Books
Holdings
Withdrawn status Lost status Damaged status Not for loan Home library Current library Shelving location Date acquired Full call number Accession Number Price effective from Koha item type
        Anna Centenary Library Anna Centenary Library 3RD FLOOR, B WING 14.02.2026 308.09773 MOR 457793 14.02.2026 English Books

Find us on the map